[Event "Sonora op 2nd"]
[Site "Sonora"]
[Date "2024.06.14"]
[Round "3"]
[White "Barros, Luciano Goncalves"]
[Black "Vilela, Vitor Gabriel Felix"]
[Result "1-0"]
[WhiteElo "1800"]
[BlackElo "1800"]
[PlyCount "101"]
[EventDate "2024.06.13"]
[EventType "swiss"]
[EventRounds "6"]
[EventCountry "BRA"]
[SourceTitle "CBM 220 Extra"]
[Source "ChessBase"]
[SourceDate "2024.07.31"]
[SourceVersion "1"]
[SourceVersionDate "2024.07.31"]
[SourceQuality "1"]

1. e4 e5 2. Nf3 Nc6 3. Bb5 a6 4. Bxc6 dxc6 5. 0-0 Bd6 6. d4 exd4 7. Qxd4 Qf6 8. e5 c5 9. Qc3 Qe6 10. exd6 Qf6 11. Qxc5 Qxd6 12. Qc3 Nf6 13. Re1+ Be6 14. Bg5 Ke7 15. Nfd2 h6 16. Bxf6+ gxf6 17. Ne4 Qe5 18. Nc5 Qxc3 19. Nxc3 b6 20. Nxe6 fxe6 21. f4 Rhg8 22. Re2 Rg7 23. Ne4 Rag8 24. c4 Kf7 25. c5 b5 26. Rd1 Ke8 27. Nxf6+ Kf7 28. Nxg8 Rxg8 29. Red2 Kf6 30. h3 a5 31. Rd7 c6 32. R7d6 Rc8 33. Re1 Kf5 34. g4+ Kxf4 35. Rdxe6 Ra8 36. Rf1+ Kg3 37. Rxh6 b4 38. b3 a4 39. g5 Rg8 40. h4 Re8 41. g6 Re2 42. Rb1 Re8 43. g7 Rg8 44. Rf1 Rxg7 45. h5 Kh3+ 46. Kf2 Rf7+ 47. Ke2 Re7+ 48. Kd3 Rd7+ 49. Kc4 axb3 50. axb3 Kg2 51. Rc1 1-0